000 00638nam a2200241 i 4500
001 bimo0000011898
003 CO-ViMGA
005 20230915225028.0
008 880307s1987 sp spa
020 _a842612268X
040 _aCO-ViMGA
_bspa
_cCO-ViMGA
090 _aC
_bB76a
100 1 _aBröger, Achim
_91115
245 1 0 _aAdiós, querida ballena
250 _a1a ed.
260 1 _aBarcelona
_bJuventud
_c1987
300 _a[28] p.
_bil. col.
_c24 cm
650 1 4 _aCuento infantil
_9276
650 1 4 _aLiteratura infantil
_9827
700 1 _aDauer, Herminia tr.
_996
700 1 _aKalow, Gisela
_91116
942 _2ddc
_cBK
999 _c12201
_d12201